| 000 | 00626nam a2200205 i 4500 | ||
|---|---|---|---|
| 001 | 92502 | ||
| 003 | ES-MaACL | ||
| 005 | 20230906181003.0 | ||
| 007 | t| | ||
| 008 | 050310s1978 sp ||||1| spa d | ||
| 100 | 1 |
_aLiñán, Eladio. _972472 |
|
| 245 | 1 | 0 |
_aGeología de Aragón _b: rocas y fósiles / _cEladio Liñán, Leandro Sequeiros. |
| 260 |
_a[Zaragoza] : _bGuara, _c[1978] |
||
| 300 |
_a124 p. ; _c21 cm. |
||
| 490 | 1 | _aColección básica aragonesa | |
| 700 | 1 |
_aSequeiros, Leandro. _9105509 |
|
| 830 | 0 |
_aColección básica aragonesa _9180901 |
|
| 852 |
_aES-MaACL _jA-10195 _bR.98720 |
||
| 999 |
_c92502 _d92502 |
||